Ordnance Survey in the next millennium. A paper prepared by the OS Working Group for the RICS Information Management Panel, in consultation with the Association of Geographic Information. May 1997. (Record no. 99712)
[ view plain ]
| 000 -LEADER | |
|---|---|
| fixed length control field | 00717cam a2200205 4500 |
| 001 - CONTROL NUMBER | |
| control field | J100521 |
| 008 - FIXED-LENGTH DATA ELEMENTS--GENERAL INFORMATION | |
| fixed length control field | 000000n1997 000 0 eng u |
| 035 ## - SYSTEM CONTROL NUMBER | |
| System control number | (Sirsi) u100521 |
| 041 ## - LANGUAGE CODE | |
| Language code of text/sound track or separate title | ENG |
| 050 ## - LIBRARY OF CONGRESS CALL NUMBER | |
| Classification number | 526.809 |
| 110 ## - MAIN ENTRY--CORPORATE NAME | |
| Corporate name or jurisdiction name as entry element | Royal Institution of Chartered Surveyors |
| 9 (RLIN) | 4900 |
| 245 ## - TITLE STATEMENT | |
| Title | Ordnance Survey in the next millennium. A paper prepared by the OS Working Group for the RICS Information Management Panel, in consultation with the Association of Geographic Information. May 1997. |
| 260 ## - PUBLICATION, DISTRIBUTION, ETC. | |
| Place of publication, distribution, etc. | LondonbRICS |
| -- | 1997 |
| 300 ## - PHYSICAL DESCRIPTION | |
| Extent | 36p. ; 30cm. |
| 650 ## - SUBJECT ADDED ENTRY--TOPICAL TERM | |
| Topical term or geographic name entry element | MAPPING |
| 650 ## - SUBJECT ADDED ENTRY--TOPICAL TERM | |
| Topical term or geographic name entry element | GEOGRAPHIC INFORMATION |
| 690 ## - LOCAL SUBJECT ADDED ENTRY--TOPICAL TERM (OCLC, RLIN) | |
| Topical term or geographic name as entry element | ORDNANCE SURVEY |
| 710 ## - ADDED ENTRY--CORPORATE NAME | |
| Corporate name or jurisdiction name as entry element | Association for Geographic Information |
| 9 (RLIN) | 166 |
| 942 ## - ADDED ENTRY ELEMENTS (KOHA) | |
| Suppress in OPAC | 0 |
| Withdrawn status | Lost status | Source of classification or shelving scheme | Damaged status | Not for loan | Home library | Current library | Shelving location | Date acquired | Total Checkouts | Full call number | Barcode | Date last seen | Copy number | Price effective from | Koha item type |
|---|---|---|---|---|---|---|---|---|---|---|---|---|---|---|---|
| Dewey Decimal Classification | London | London | RICS Boxes | 18/10/1999 | RICS 1997/116 | 30059503 | 06/08/2019 | 1 | 06/08/2019 | Archive | |||||
| Dewey Decimal Classification | London | London | RICS Boxes | 12/04/2005 | RICS 1997/116 | 30070261 | 06/08/2019 | 2 | 06/08/2019 | Reference material |